Wymień 7 grzechów głównych - Statystyki

Ogólne statystyki
  • Ten quiz został rozwiązany 393 razy
  • Średni wynik to 5 z 7
Statystyki odpowiedzi
Hint Odpowiedź % Poprawnych
1. Pycha
94%
4. Zazdrość
83%
2. Chciwość
75%
7. Lenistwo
74%
5. Nieumiarkowanie w jedzeniu i piciu
74%
6. Gniew
70%
3. Nieczystość
66%
Nie znaleziono quizów pasujących do podanych kryteriów
Rozkład punktacji
Procent ludzi z każdym wynikiem
Percentyl według liczby udzielonych odpowiedzi
Twoja historia wyników
Nie rozwiązałeś tego quizu